000 00608nam a2200253Ia 4500
005 20260121161134.0
008 008 260114s9999 xx 000 0 eng d
020 _a9781315746791
037 _aEBOOK
040 _aCRL
040 _beng
040 _cCRL
041 _2eng
041 _aeng
084 _qCRL
100 _a F.T. Wainwright
_91040695
245 0 _aArchaeology and Place-Names and History
260 _bTaylor and Francis
260 _c1962
856 _uhttp://www.taylorfrancis.com/books/9781315746791
942 _cEBOOK
999 _c1607511
_d1607511